| 000 | 00667nam a2200229Ia 4500 | ||
|---|---|---|---|
| 001 | 16873 | ||
| 003 | GE_BSU | ||
| 008 | 181216s||||||||xx |||||||||||||| ||und|| | ||
| 040 | _cGE_BSU | ||
| 080 | _a821.353.1-32 | ||
| 100 | _aგოგოლაძე, თ. | ||
| 245 | _aჩვენს ქუჩაზე | ||
| 245 | _bმოთხრობები | ||
| 245 | _cრედ.ნ.ჟღენტი | ||
| 260 | _aთბილისი | ||
| 260 | _bსაბჭ. საქართველო | ||
| 260 | _c1964 | ||
| 300 | _a265გვ. ; 20სმ | ||
| 653 | _aმოთხრობები. | ||
| 653 | _aჩვენს ქუჩაზე | ||
| 942 | _cBK | ||
| 999 |
_c49937 _d49937 |
||